Statistiken für Gemeinden des Kantons Schwyz

Klicken Sie hier um das Quiz zu spielen!

Allgemein

  • Dieses Quiz wurde 631 mal gespielt
  • Das Durchschnittsergebnis liegt bei 19 aus 30

Antworten auf der Karte

Die Antworten werden auf der Karte rot bzw. grün angezeigt, abhängig davon wie oft sie richtig erraten wurden.
 

Antwortstatistiken

EinwohnerGemeinde% Korrekt
15'239Schwyz
98%
16'106Einsiedeln
92%
13'300Küssnacht
90%
12'154Arth
88%
3'486Muotathal
82%
16'506Freienbach
75%
8'883Lachen
75%
7'299Wollerau
75%
2'326Gersau
68%
1'148Morschach
68%
1'925Sattel
68%
3'608Steinen
68%
2'398Unteriberg
66%
870Oberiberg
65%
8'952Ingenbohl
64%
5'350Feusisberg
60%
1'114Lauerz
60%
2'460Rothenthurm
58%
177Innerthal
57%
939Steinerberg
55%
3'293Tuggen
55%
7'059Altendorf
54%
86Riemenstalden
54%
992Vorderthal
54%
797Illgau
53%
5'150Wangen
53%
621Alpthal
50%
9'190Schübelbach
50%
5'227Galgenen
48%
3'825Reichenburg
45%

Verteilung der Resultate

Perzentil nach korrekt beantworteten Fragen

Anzahl Personen mit jedem Resultat

Ihre Resultats-Entwicklung

Sie haben dieses Quiz noch nicht gespielt